Molly Hatchet Discography - Statistics

General Stats
  • This quiz has been taken 3 times
  • The average score is 11 of 40
Answer Stats
Type Year Name % Correct
Album 1980 Beatin' the Odds
100%
Album 1996 Devil's Canyon
100%
Album 1979 Flirtin' with Disaster
100%
Album 1978 Molly Hatchet
100%
Album 1983 No Guts...No Glory
100%
Album 1981 Take No Prisoners
100%
Album 2010 Justice
67%
Album 1998 Silent Reign of Heroes
67%
Album 1984 The Deed Is Done
67%
Album 2005 Warriors of the Rainbow Bridge
67%
Live Album 1985 Double Trouble Live
33%
Compilation 1990 Greatest Hits
33%
Compilation 2011 Greatest Hits II
33%
Live Album 2003 Greatest Hits Live
33%
Album 2000 Kingdom of XII
33%
Album 1989 Lightning Strikes Twice
33%
Album 2008 Southern Rock Masters
33%
Compilation 2004 25th Anniversary: Best of Re-Recorded
0%
Bootleg 1980 Astral Game
0%
Compilation 1995 Cut to the Bone
0%
Live Bootleg 1985 Double Live
0%
Live Album 2007 Flirtin' with Disaster Live
0%
Bootleg 1984 Gods and Knights
0%
Live Album 2000 Live at the Agora Ballroom Atlanta, Georgia
0%
Live Album 2003 Locked and Loaded
0%
Radio Show 1980 Molly Hatchet - 38 Special
0%
Radio Show 1984 Molly Hatchet Captured Live
0%
Radio Show 1979 Molly Hatchet - Climax Blues Band BBC
0%
Radio Show 1982 Molly Hatchet in Concert 1
0%
Radio Show 1983 Molly Hatchet in Concert 2
0%
Radio Show 1984 Molly Hatchet in Concert 3
0%
Radio Show 1978 Molly Hatchet Innerview
0%
Radio Show 1981 Molly Hatchet Innerview
0%
Radio Show 1982 Molly Hatchet KBFH
0%
Live Album 1981 Molly Hatchet Live
0%
Radio Show 1996 Molly Hatchet - Marshall Tucker In Concert
0%
Album 2012 Regrinding the Axes
0%
Compilation 1996 Revisited
0%
Compilation 1998 Super Hits
0%
Compilation 2003 The Essential Molly Hatchet
0%
No matching quizzes found
Score Distribution
Percent of People with Each Score
Percentile by Number Answered
Your Score History
You have not taken this quiz